Cuaderno de buenas prácticas para incorporar la perspectiva de género en las sentencias

En los últimos años, el Poder Judicial chileno ha implementado, en forma progresiva y sostenida, importantes avances orientados a dar cumplimiento al mandato que emana de la Constitución Política de la República, la normativa nacional y los compromisos internacionales vigentes, en lo relativo a la a...

Descripción completa

Detalles Bibliográficos
Autor principal: Arbeláez de Tobón, Lucía
Otros Autores: Ruíz González, Esmeralda (autora)
Formato: Recurso en linea
Lenguaje:español
Acceso en línea:Acceso electrónico al documento

MARC

LEADER 00000cam a2200000 a 4500
001 027155
003 UAHC_CL
005 20251126171816.0
008 251126s2018 cl 000 spa
040 |a UAHC_CL  |c UAHC_CL  |d UAHC_CL 
100 |a Arbeláez de Tobón, Lucía  |9 22548 
245 1 0 |a Cuaderno de buenas prácticas para incorporar la perspectiva de género en las sentencias  |c Naciones Unidas. 
264 |a Santiago, Chile :  |b Poder Judicial,  |c 2018. 
300 |a 164 páginas. 
500 |a Sitio visitado http://secretariadegenero.pjud.cl/images/stignd/CBP/CBP_30052019_HR1.1.pdf el 25 de noviembre de 2025. 
520 |a En los últimos años, el Poder Judicial chileno ha implementado, en forma progresiva y sostenida, importantes avances orientados a dar cumplimiento al mandato que emana de la Constitución Política de la República, la normativa nacional y los compromisos internacionales vigentes, en lo relativo a la aplicación del principio y derecho a la igualdad y no discriminación en razón del género, que demanda la obtención no solo de una igualdad formal, sino real o sustantiva, con el objeto de garantizar el efectivo acceso a la justicia de las mujeres. 
700 |a Ruíz González, Esmeralda  |9 22549  |e autora 
856 |3 Acceso electrónico al documento  |u http://secretariadegenero.pjud.cl/images/stignd/CBP/CBP_30052019_HR1.1.pdf 
942 |c RL  |2 ddc 
952 |0 0  |1 0  |2 ddc  |4 0  |6 RECURSO_ELECTRÓNICO  |7 0  |8 BAS  |9 101514  |a BR  |b BR  |c Digital  |d 2025-11-26  |l 0  |o Recurso electrónico  |r 2025-11-26 17:18:39  |w 2025-11-26  |y RL  |B DER 
999 |c 63201  |d 63201